| 000 -LEADER |
| fixed length control field |
00501pab a2200157 454500 |
| 008 - FIXED-LENGTH DATA ELEMENTS--GENERAL INFORMATION |
| fixed length control field |
180718b2003 xxu||||| |||| 00| 0 eng d |
| 100 ## - MAIN ENTRY--PERSONAL NAME |
| Personal name |
Bagchi, Kanak Kanti |
| 245 ## - TITLE STATEMENT |
| Title |
Development of social sector in West Bengal: a study of inter-district disparity |
| 260 ## - PUBLICATION, DISTRIBUTION, ETC. |
| Date of publication, distribution, etc. |
2003 |
| 300 ## - PHYSICAL DESCRIPTION |
| Extent |
p.115-30. |
| 650 ## - SUBJECT ADDED ENTRY--TOPICAL TERM |
| Topical term or geographic name entry element |
Economic and social development - West Bengal |
| 650 ## - SUBJECT ADDED ENTRY--TOPICAL TERM |
| Topical term or geographic name entry element |
Economic and social development |
| 700 ## - ADDED ENTRY--PERSONAL NAME |
| Personal name |
Sarkar, Satyen |
| 773 ## - HOST ITEM ENTRY |
| Main entry heading |
Indian Journal of Regional Science |
| 909 ## - |
| -- |
58909 |